000 00770nam a22002297a 4500
003 OSt
005 20250826112549.0
008 250826b |||||||| |||| 00| 0 eng d
037 _cDissertation
040 _aFEDL
_beng
_cFEDL
041 _aeng
_heng
082 _a907 MAL/DI
100 _aMalik, Prachi
_9782492
110 _aUniversity of Delhi. Department of Education
_9818316
245 _aHistory teaching at secondary level:
_bPosition and possibilities/
_cby Prachi Malik; Sunil Kumar Verma. Supervisor
260 _bUniversity of Delhi
_c2025
300 _avii, 90p.
650 _aHISTORY TEACHING
_9756550
700 _aVerma, Sunil Kumar. Supervisor
_9818624
942 _2ddc
_cDIS
_h907 MAL/DI
_n0
999 _c1434887
_d1434887